=LDR 00000nam 2200000 4500 =001 INLIS000000000012098 =005 20130612103635 =008 ***********************************Ind** =035 ##$$0010-061300000012098 =041 ##$$a Ind =082 ##$$a 532.02 =090 ##$$a 532.02, Kam s =100 ##$$a Kamarwan, Sidharta s =245 ##$$a Statika, Bagian dari Mekanika teknik, sidharta s Kamarwan =260 ##$$a 1995 $b Jakarta =300 ##$$a v,252 hlm., Ilus, 23 cm =650 ##$$a Mekanika Teknik =650 ##$$a Statika =850 ##$$a NBPNMAT